Word Ladder: Dickens Novels Quiz Stats

Quiz Updated Sep 21, 2016

Challenge
Share
Tweet
Embed
Score 0/20 Timer 02:00
3 Plays Today
Clue 4-Letter Word % Correct
Fired a gunSHOT
98.5%
___ ColadaPIÑA
97.5%
• A ___ of Two Cities •• TALE •
96.3%
An evergreenPINE
94.9%
Bathroom floor componentTILE
94.6%
AchySORE
93.7%
Rabbit relativeHARE
93.1%
Alphabetize, e.g.SORT
92.8%
Skin openingPORE
92.7%
A nail smootherFILE
92.7%
Clue 4-Letter Word % Correct
Bread for hummusPITA
92.3%
Santa's suit spoilerSOOT
91.4%
In good healthHALE
90.6%
Corn breadPONE
90%
• ___ Times •• HARD •
86.4%
Having few caloriesLITE
79.6%
• The Old Curiosity ___• SHOP •
76.4%
Rock singer FordLITA
76.1%
Wind instrument with a drumFIFE
71.2%
• The Battle of ___• LIFE •
67.8%

Today's Daily Dose

Word Ladder
Summertime

On This Day
June 23rd II

You're not logged in!

Compare scores with friends on all Sporcle quizzes.
Join for Free
OR
Log In

You Might Also Like...

Show Comments

Extras

Top Quizzes Today


Score Distribution

Your Account Isn't Verified!

In order to create a playlist on Sporcle, you need to verify the email address you used during registration. Go to your Sporcle Settings to finish the process.

Report this User

Report this user for behavior that violates our Community Guidelines.

Details: